000 00335nam a2200145Ia 4500
003 OSt
005 20231230104344.0
008 170524s9999 xx 000 0 und d
020 _a8129700050
040 _ciimt university meerut
100 _aLILIEN
245 0 _aMARKETING ENGINEERING
260 _bCONCEPT PUB. CO.
942 _2ddc
_c02
999 _c8009
_d8009